Eucalyptus globulus (Record no. 189584)

MARC details
000 -LEADER
campo de control de longitud fija 00865nam a2200205 i 4500
001 - NÚMERO DE CONTROL
campo de control 189584
003 - IDENTIFICADOR DE NÚMERO DE CONTROL
campo de control ES-MaACL
005 - FECHA Y HORA DE LA ÚLTIMA TRANSACCIÓN
campo de control 20230906223516.0
007 - CAMPO FIJO DE DESCRIPCIÓN FÍSICA--INFORMACIÓN GENERAL
campo de control de longitud fija t|
008 - DATOS DE LONGITUD FIJA--INFORMACIÓN GENERAL
campo de control de longitud fija 190624s1952 sp r ||||1| spa d
100 1# - ENTRADA PRINCIPAL--NOMBRE DE PERSONA
Nombre de persona Echeverría Ballarín, Ignacio.
9 (RLIN) 46583
245 10 - MENCIÓN DEL TÍTULO
Título Eucalyptus globulus
Resto del título : estudio de las leyes de crecimiento en la zona forestal de Huelva del Patrimonio Forestal del Estado /
Mención de responsabilidad, etc. por Ignacio Echeverría.
260 ## - PUBLICACIÓN, DISTRIBUCIÓN, ETC.
Lugar de publicación, distribución, etc. Madrid :
Nombre del editor, distribuidor, etc. Instituto Forestal de Investigaciones y Experiencias,
Fecha de publicación, distribución, etc. 1952.
300 ## - DESCRIPCIÓN FÍSICA
Extensión 39 p. :
Otras características físicas il. ;
Dimensiones 24 cm.
490 1# - MENCIÓN DE SERIE
Mención de serie Instituto Forestal de Investigaciones y Experiencias ;
Designación de volumen o secuencia Año XXIII nº 62
650 #4 - PUNTO DE ACCESO ADICIONAL DE MATERIA--TÉRMINO DE MATERIA
Término de materia o nombre geográfico como elemento de entrada Eucalipto blanco-
Subdivisión geográfica Huelva (Provincia)
9 (RLIN) 167393
830 0# - PUNTO DE ACCESO ADICIONAL DE SERIE-TÍTULO UNIFORME
Título uniforme Instituto Forestal de Investigaciones y Experiencias ;
Designación de volumen o secuencia Año XXIII nº 62
9 (RLIN) 181435
852 ## - LOCALIZACIÓN
Ubicación ES-MaACL
Número de control de estantería P-569-Bis-49
Holdings
Estatus retirado Estado de pérdida Estado de daño No para préstamo Biblioteca de origen Biblioteca actual Ubicación en estantería Fecha de adquisición Fuente de adquisición Total de préstamos Signatura topográfica completa Código de barras Visto por última vez Precio de reemplazo Tipo de ítem Koha
        Biblioteca del Ateneo de Madrid Biblioteca del Ateneo de Madrid Depósito 2 24/06/2019     P-569-Bis-49 1200907 23/02/2023 23/02/2023 Libro impreso